Traduction du français au corse : le calendrier - Statistiques

Statistiques générales
  • Ce quiz a été pris 43 fois
  • Le résultat moyen est 12 sur 19
Statistiques - réponses
Mots en français Traduction en corse % Correct
Lundi Luni
90%
Mardi Marti
84%
Dimanche Dumenica
77%
Mercredi Marcuri / Mercuri
77%
Vendredi Venari
74%
Mars Marzu
71%
Avril Aprili / Aprile
68%
Jeudi Ghjovi
68%
Samedi Sabbatu
68%
Décembre Dicembri / Dicembre
65%
Octobre Uttobri / Ottobre / Uttrovi
65%
Mai Maghju
58%
Novembre Nuvembri / Nuvembre
58%
Septembre Sittembri / Sittembre
52%
Août Austu / Aostu
48%
Juin Ghjugnu / Ghjunghju
48%
Février Farraghju / Ferraghju / Frivaghju
39%
Janvier Ghjinnaghju / Ghjennaghju
39%
Juillet Luddu / Lugliu
35%
Aucun quiz correspondant
Distribution des résultats
% des personnes avec chaque résultat
Percentile par nombre de réponses
Votre historique - résultats
Vous n’avez pas pris ce quiz